Zváranie materiálov - WELDOX 700 + 25 CD 4 v ochrannej atmosfére M 21 metódou MAG plným a rúrkovým drôtom : Diplomová práca

Gespeichert in:
Bibliographische Detailangaben
1. Verfasser: Buštorová, Katarína (Verfasst von)
Weitere Verfasser: Štefanka, Milan (xxx)
Format: Manuskript Buch
Sprache:Slowakisch
Veröffentlicht: Trnava : STU v Bratislave MtF KZv, 1999
Schlagworte:
Tags: Tag hinzufügen
Keine Tags, Fügen Sie das erste Tag hinzu!

MARC

LEADER 00000ntm a22000003a 4500
001 stu80484
005 20160719154909.8
008 030512s1999----xo------------------slo-d
040 |a STU  |b slo 
041 0 |a slo 
044 |a xo 
100 1 |a Buštorová, Katarína  |4 aut 
245 1 |a Zváranie materiálov - WELDOX 700 + 25 CD 4 v ochrannej atmosfére M 21 metódou MAG plným a rúrkovým drôtom :  |b Diplomová práca 
260 |a Trnava :  |b STU v Bratislave MtF KZv,  |c 1999 
300 |a 59 s  |c abstr. + príl. 
650 7 |a zváranie legovaných ocelí  |2 stusub 
650 7 |a ochranné plyny  |2 stusub 
650 7 |a strojárske technológie  |2 stusub 
700 1 |a Štefanka, Milan  |4 xxx 
996 |b 284M042118  |c M*DP-2118  |l MMSKP  |s P  |a 0  |w stu80484_0001